000 01642nmm a2200349 a 4500
003 CO-CtgCURN
005 20250329165431.0
007 co cga---uuuuu
008 160531s2013 i eng d
040 _aCO-CtgCURN
_bspa
_ccoctgcurn
082 0 _aENF 2013
_bM779m
245 0 0 _aMitos y creencias de la histerectomia que tienen hombres y mujeres entre 20 y 44 años de edad. Barrio Republica de Venezuela. 2013 (Cartagena-Bolivar)
_h[electronic resource] /
_cJuliana Montes Gutierrez ... [et al.] ; asesor, Zoraida Barrios Puerta.
260 _aCartagena de Indias :
_bCorporación Universitaria Rafael Núñez,
_c2013.
300 _a1 CD-Rom.
336 _2rdacontent
337 _2rdamedia
_asin mediacion
_bn
338 _2rdacarrier
_avolumen
_bnc
500 _aIncluye anexos.
502 _aTrabajo de grado (Enfermera (o)). Corporacion Universitaria Rafael Nuñez. Facultad de Ciencias de la Salud. Programa de Enfermeria, 2013.
504 _aIncluye bibliografia.
590 _aEnfemeria
650 0 _aEnfermeria
_vTesis y disertaciones academicas.
650 0 _aHisterectomia
_vInvestigaciones.
700 1 _aMontes Gutierrez, Juliana.
700 1 _aVasquez del Rio, Veronica.
700 1 _aMestre Cabarcas, Lorraine.
700 1 _aNegrete Tovar, Angelica.
700 1 _aBarrios Puerta, Zoraida,
_easesor.
856 7 _uhttps://unicurn.sharepoint.com/:b:/s/biblioteca/EW7BIfunCMBKuHhfkGMzpmgBLok3Z4W09fQMKv08hNyU5w?e=87RIL2
_zClick aqui para ver el recurso en texto completo
942 _hENF 2013
_iM779m
_2ddc
_cTG
999 _c3865
_d3865